000 00577nam a2200169Ia 4500
005 20250923144622.0
008 008 250917s9999 xx 000 0 eng d
037 _aTextual
040 _aDSWL
_beng
_cDSWL
041 _aeng
_2eng
084 _aT9Y131p2,N57, J8
_qDSWL
245 0 _aReport of the first Inter-state Seminar of rural history educational Institute December 25-30,1957
260 _aAgra
_b Balwant Vidyuth Rural Higher Intitute Bichpuri (Agra)
_c1957
300 _axx,79p.
942 _cTEXL
_hT9Y131p2,N57, J8
999 _c1441246
_d1441246